000 00547nam a2200205Ia 4500
003 GCL
008 140319s9999 xx 000 0 eng d
040 _aGCL /
_cGCL
082 0 4 _a630.201
_bA W
100 1 _aALEXANDRATOS, NIKOS
245 1 0 _aWORLD AGRICULTURE: TOWARD 2010: AND FAO STUDY /
_cALEXANDRATOS, NIKOS
260 _a[S.N] :
_bJOHN WILEY AND SONS. INC ،
_c1995
300 _a488 P
650 0 4 _aFOOD
650 0 4 _aFARMING
650 0 4 _aAGRICULTURE
650 0 4 _aDEVELOPING COUNTRIES
650 0 4 _aFISHERSHIP
942 _2ddc
_cBK
999 _c14073
_d14073